00723nam a2200181 i 4500001000700000003000900007005001700016007000300033008004100036100003000077245015800107260004300265300003000308650003000338852003200368999001900400952012200419149920ES-MaACL20230906203318.0t|071025s1967 sp ||||1| spa d1 aVander, Adrianus.911305910aCuras de urgencia mientras llega el medico, indispensable en todo hogab: primeros auxilios para evitar graves daños o salvar la vida... / cA. Vander. aBarcelona : bAdrián Vander, c1967. a182 p. : bil. ; c19 cm.04aPrimeros auxilios.916404 aES-MaACLjC-31721 bR.62312 c149920d149920 00104070aATENEOMbATENEOMcDEPO2d2008-01-17eSCl0oC-31721p1156440r2023-02-23 00:00:00w2023-02-23yMONOGRAFIA